000 00458nam a2200181Ia 4500
001 616
005 20260306140531.0
008 260306t2000||||xx |||||||||||||| ||spa||
041 _aESP
082 _a128
_bR31
100 _aReale, Giovanni
_eAUT
245 0 _aLa sabiduría antigua :
_bterapia para los males del hombre contemporáneo
260 _c2000
300 _a261 páginas :
_c22 cm.
650 _aGEN
654 _aCHU
942 _cLIB
_dJUS
_fJUS
_2ddc
_n
999 _c616
_d616